[Event "London Chess League Open"]
[Site "London"]
[Date "2023.06.04"]
[Round "4.7"]
[White "Aryaman, Ganguly"]
[Black "Soulier, Alfred"]
[Result "1/2-1/2"]
[WhiteElo "1518"]
[BlackElo "1763"]
[PlyCount "65"]
[EventDate "2023.06.02"]
[EventType "swiss"]
[EventRounds "5"]
[EventCountry "ENG"]
[SourceTitle "BritBase"]
[Source "John Saunders"]
[SourceDate "2023.12.27"]
[SourceVersion "1"]
[SourceVersionDate "2023.12.27"]
[SourceQuality "1"]

1. e4 c5 2. Nf3 d6 3. d4 cxd4 4. Nxd4 Nf6 5. Nc3 a6 6. f3 e6 7. Be3 b5 8. Qd2
Bb7 9. O-O-O Nbd7 10. Kb1 b4 11. Nce2 d5 12. exd5 Nxd5 13. Bf2 Qc7 14. Bg3 Bd6
15. Bxd6 Qxd6 16. Qg5 Qe5 17. Qxe5 Nxe5 18. Nc1 O-O 19. Nd3 Nxd3 20. Rxd3 Rfd8
21. g3 Nf6 22. Be2 e5 23. Nb3 Rxd3 24. cxd3 Rc8 25. Rc1 Rxc1+ 26. Kxc1 Nd7 27.
Kd2 Kf8 28. Ke3 Ke7 29. d4 Kd6 30. dxe5+ Nxe5 31. f4 Nc6 32. Bf3 Bc8 33. Nd4
1/2-1/2

[Event "London Chess League Open"]
[Site "London"]
[Date "2023.06.04"]
[Round "4.8"]
[White "Peoples, Jonathon"]
[Black "Anshuman, Ganguly"]
[Result "0-1"]
[WhiteElo "1933"]
[BlackElo "1721"]
[PlyCount "120"]
[EventDate "2023.06.02"]
[EventType "swiss"]
[EventRounds "5"]
[EventCountry "ENG"]
[SourceTitle "BritBase"]
[Source "John Saunders"]
[SourceDate "2023.12.27"]
[SourceVersion "1"]
[SourceVersionDate "2023.12.27"]
[SourceQuality "1"]

1. d4 Nf6 2. c4 c5 3. d5 b5 4. cxb5 a6 5. bxa6 g6 6. Nc3 Bg7 7. e4 O-O 8. Nf3
Qa5 9. Bd2 Bxa6 10. Bxa6 Qxa6 11. Qe2 d6 12. Qxa6 Rxa6 13. O-O Nbd7 14. Rfe1
Rb8 15. b3 Ne8 16. Reb1 Nc7 17. a4 Rab6 18. Ra3 c4 19. Kf1 {(=)} Rxb3 20. Raxb3
cxb3 21. Nb5 Nxb5 22. axb5 Rxb5 23. Ke2 Nc5 24. Ke3 Bh6+ 25. Kd4 Bxd2 26. Nxd2
b2 27. f3 Kg7 28. Kc4 Rb7 29. Kc3 Na4+ 30. Kc2 Kf6 31. Nc4 Rb4 32. Nxb2 Rxb2+
33. Rxb2 Nxb2 34. Kxb2 Ke5 35. Kc3 f5 36. Kd3 fxe4+ 37. fxe4 Kf4 38. Kd4 h5 39.
Kd3 g5 40. Kd4 h4 41. Kd3 g4 42. Kd4 h3 43. gxh3 gxh3 44. Kd3 Kf3 45. Kd4 Ke2
46. e5 Kf3 47. exd6 exd6 48. Kd3 Kf4 49. Kd4 Kf5 50. Ke3 Ke5 51. Kf3 Kxd5 52.
Kg3 Ke4 53. Kf2 Kd3 54. Kf3 d5 55. Kf4 d4 56. Kf3 Kc2 57. Kg3 d3 58. Kxh3 d2
59. Kg3 d1=Q 60. h4 Qh5 0-1

[Event "London Chess League Open"]
[Site "London"]
[Date "2023.06.04"]
[Round "4.9"]
[White "Sowray, Peter J"]
[Black "Han, Qixuan"]
[Result "1-0"]
[WhiteElo "2176"]
[BlackElo "1408"]
[PlyCount "63"]
[EventDate "2023.06.02"]
[EventType "swiss"]
[EventRounds "5"]
[EventCountry "ENG"]
[SourceTitle "BritBase"]
[Source "John Saunders"]
[SourceDate "2023.12.27"]
[SourceVersion "1"]
[SourceVersionDate "2023.12.27"]
[SourceQuality "1"]

1. Nf3 Nf6 2. c4 c6 3. Nc3 d5 4. e3 e6 5. Be2 Bd6 6. O-O O-O 7. d4 dxc4 8. a4
Nbd7 9. Bxc4 Nb6 10. Bb3 Nbd5 11. Re1 Qc7 12. e4 Nxc3 13. bxc3 e5 14. Bg5 Qe7
15. h3 h6 16. Bh4 b6 17. Bg3 Nd7 18. Nh4 Qf6 19. Nf5 Re8 20. Qf3 Bb8 21. Bh4
Qg6 22. Ne7+ Rxe7 23. Bxe7 Nf8 24. Rad1 Ne6 25. Qf5 Nf4 26. Qxc8+ Kh7 27. Qf5
Qxf5 28. exf5 f6 29. d5 cxd5 30. g3 Nxh3+ 31. Kg2 Ng5 32. Bxd5 1-0

[Event "London Chess League Open"]
[Site "London"]
[Date "2023.06.04"]
[Round "4.10"]
[White "Muirhead, Samuel"]
[Black "Kothari, Jai"]
[Result "1-0"]
[WhiteElo "1621"]
[BlackElo "1767"]
[PlyCount "91"]
[EventDate "2023.06.02"]
[EventType "swiss"]
[EventRounds "5"]
[EventCountry "ENG"]
[SourceTitle "BritBase"]
[Source "John Saunders"]
[SourceDate "2023.12.27"]
[SourceVersion "1"]
[SourceVersionDate "2023.12.27"]
[SourceQuality "1"]

1. d4 Nf6 2. c4 d6 3. Nf3 Nbd7 4. g3 g6 5. Bg2 Bg7 6. Nc3 O-O 7. O-O e5 8. e4
c6 9. h3 Qc7 10. Be3 Re8 11. Qd2 a5 12. b3 exd4 13. Nxd4 Nc5 14. f3 Bd7 15.
Rad1 Rad8 16. Bg5 Ne6 17. Nxe6 Bxe6 18. Rfe1 Rd7 19. Ne2 d5 20. cxd5 cxd5 21.
Bf4 Qd8 22. e5 Nh5 23. Bg5 f6 24. exf6 Nxf6 25. Nf4 Qb6+ 26. Kh2 Bf7 27. Rxe8+
Nxe8 28. Nd3 Nd6 29. Re1 Qc7 30. Bf4 Bc3 31. Qf2 Bxe1 32. Qxe1 Qd8 33. Ne5 Qe7
34. Qxa5 Rd8 35. h4 Qe8 36. Ng4 Kf8 37. Bh6+ Ke7 38. Bg5+ Ke6 39. Qe1+ Ne4 40.
Bxd8 Qxd8 41. fxe4 d4 42. Bf1 Qd6 43. Qd2 h5 44. Nf2 Kd7 45. Qf4 Qe7 46. e5 1-0

[Event "London Chess League Open"]
[Site "London"]
[Date "2023.06.04"]
[Round "4.11"]
[White "Lishoy Gengis Paratazham, Dildarav"]
[Black "Macphail, Kieran"]
[Result "1-0"]
[WhiteElo "1584"]
[BlackElo "1678"]
[PlyCount "92"]
[EventDate "2023.06.02"]
[EventType "swiss"]
[EventRounds "5"]
[EventCountry "ENG"]
[SourceTitle "BritBase"]
[Source "John Saunders"]
[SourceDate "2023.12.27"]
[SourceVersion "1"]
[SourceVersionDate "2023.12.27"]
[SourceQuality "1"]

1. e4 c5 2. d3 Nc6 3. g3 g6 4. Bg2 Bg7 5. f4 d6 6. Nf3 e5 7. c3 Nge7 8. O-O
exf4 9. Bxf4 O-O 10. Qd2 Bg4 11. Na3 a6 12. Qf2 Bxf3 13. Bxf3 Ne5 14. Nc4 Nxd3
15. Qd2 Nxf4 16. Qxf4 d5 17. Rad1 d4 18. e5 Nf5 19. b4 Qc7 20. g4 Bh6 21. Qe4
Ne3 22. Nxe3 Bxe3+ 23. Kh1 b6 24. Qd3 Ra7 25. Qe4 Re8 26. bxc5 bxc5 27. cxd4
cxd4 28. Rb1 Qxe5 29. Qd3 a5 30. Bg2 Kg7 31. a4 Rc8 32. Rb5 Rc5 33. Rbb1 Rc3
34. Qd1 Rac7 35. Rb5 R3c5 36. Rb1 Rc1 37. Rxc1 Rxc1 38. Qd3 Rc3 39. Qd1 Qc7 40.
Qf3 Bg1 41. Qf6+ Kg8 42. Kxg1 d3 43. Kh1 d2 44. Bd5 Rc1 45. Bxf7+ Kf8 46. Be6+
Ke8 1-0

[Event "London Chess League Open"]
[Site "London"]
[Date "2023.06.04"]
[Round "4.12"]
[White "Prince, Alan R"]
[Black "Napolitano, Domenico"]
[Result "0-1"]
[WhiteElo "1676"]
[BlackElo "1414"]
[PlyCount "94"]
[EventDate "2023.06.02"]
[EventType "swiss"]
[EventRounds "5"]
[EventCountry "ENG"]
[SourceTitle "BritBase"]
[Source "John Saunders"]
[SourceDate "2023.12.27"]
[SourceVersion "1"]
[SourceVersionDate "2023.12.27"]
[SourceQuality "1"]

1. Nf3 d5 2. g3 Bf5 3. Bg2 c6 4. d3 Nd7 5. Nbd2 Ngf6 6. O-O e6 7. Re1 e5 8. Nh4
Bg4 9. c3 g5 10. Nhf3 h6 11. b4 a5 12. a3 axb4 13. cxb4 Bxb4 14. Bb2 Bd6 15.
Nf1 Qc7 16. Ne3 Be6 17. Qc2 Ng4 18. Nxg4 Bxg4 19. Nd2 O-O 20. e4 d4 21. h3 Be6
22. g4 b5 23. Nf1 c5 24. Ng3 c4 25. Nf5 Bxf5 26. exf5 Rac8 27. h4 c3 28. Bc1 f6
29. Bd5+ Kg7 30. Kg2 Nb6 31. Bb3 Ra8 32. Rh1 b4 33. a4 Nd7 34. Qd1 Nc5 35. Ra2
Ra5 36. f3 Qc6 37. hxg5 fxg5 38. Rh5 Nxb3 39. Qxb3 Qd5 40. Qxd5 Rxd5 41. Kf1 b3
42. Rah2 Rf6 43. Bxg5 hxg5 44. Rxg5+ Kf8 45. Rh8+ Ke7 46. Rh7+ Rf7 47. f6+ Ke6
0-1

[Event "London Chess League Open"]
[Site "London"]
[Date "2023.06.04"]
[Round "4.13"]
[White "Isaacs, Ruairi"]
[Black "Harandi, Kamran"]
[Result "1-0"]
[WhiteElo "1451"]
[BlackElo "1280"]
[PlyCount "83"]
[EventDate "2023.06.02"]
[EventType "swiss"]
[EventRounds "5"]
[EventCountry "ENG"]
[SourceTitle "BritBase"]
[Source "John Saunders"]
[SourceDate "2023.12.27"]
[SourceVersion "1"]
[SourceVersionDate "2023.12.27"]
[SourceQuality "1"]

1. d3 e5 2. Nf3 Nc6 3. g3 Nf6 4. Bg2 Bc5 5. O-O h6 6. c4 d6 7. Nc3 O-O 8. a3 a5
9. b3 Be6 10. Bb2 Re8 11. e3 Bg4 12. Qc2 Bf5 13. Rad1 Qd7 14. Na4 Ba7 15. Rd2
e4 16. Ne1 exd3 17. Nxd3 Re6 18. Qc1 Bxd3 19. Rxd3 Rae8 20. Bh3 Qe7 21. Bxe6
Qxe6 22. Bxf6 Qxf6 23. Nc3 Ne5 24. Nd5 Qg6 25. Rc3 Qf5 26. Kg2 Qf3+ 27. Kg1 c6
28. Nf4 g5 29. Nd3 Qe4 30. Nxe5 Rxe5 31. Qd1 d5 32. cxd5 Rxd5 33. Qc2 Qe5 34.
Rd3 h5 35. Rxd5 Qxd5 36. Qd1 Qxd1 37. Rxd1 Bc5 38. a4 b5 39. axb5 cxb5 40. Rd5
Bb4 41. Rxg5+ Kf8 42. Rxh5 1-0

[Event "London Chess League Open"]
[Site "London"]
[Date "2023.06.04"]
[Round "4.14"]
[White "McNamara, JJ"]
[Black "Liu, Jacob"]
[Result "0-1"]
[WhiteElo "1327"]
[BlackElo "1433"]
[PlyCount "88"]
[EventDate "2023.06.02"]
[EventType "swiss"]
[EventRounds "5"]
[EventCountry "ENG"]
[SourceTitle "BritBase"]
[Source "John Saunders"]
[SourceDate "2023.12.27"]
[SourceVersion "1"]
[SourceVersionDate "2023.12.27"]
[SourceQuality "1"]

1. e4 e6 2. Nf3 c5 3. d4 cxd4 4. Nxd4 Nf6 5. Nc3 Bb4 6. Bd3 Nc6 7. Nxc6 bxc6 8.
Bd2 e5 9. a3 Bc5 10. Bc4 d5 11. exd5 cxd5 12. Bb5+ Bd7 13. Qe2 O-O 14. Bxd7
Qxd7 15. O-O-O Qd6 16. Nb5 Qc6 17. f3 Rab8 18. b4 Rxb5 19. bxc5 Rfb8 20. Bg5
Qxc5 21. Qxe5 Qxa3+ 22. Kd2 d4 23. Qf4 Qc3+ 24. Ke2 Qxc2+ 25. Qd2 d3+ 26. Kf2
Rxg5 27. Rhe1 g6 28. Kg1 Rb2 29. Qxg5 Qf2+ 30. Kh1 Re2 31. Rf1 Qd4 32. Qg3 d2
33. f4 Ne4 34. Qf3 Nf2+ 35. Rxf2 Qxf2 36. Qxf2 Rxf2 37. Kg1 Re2 38. Kf1 Re1+
39. Rxe1 dxe1=Q+ 40. Kxe1 Kg7 41. g4 Kf6 42. h4 h5 43. gxh5 gxh5 44. Ke2 a5 0-1

[Event "London Chess League Open"]
[Site "London"]
[Date "2023.06.04"]
[Round "4.15"]
[White "Cuthbert, Larissa"]
[Black "Tawab, Ramin"]
[Result "0-1"]
[WhiteElo "1404"]
[BlackElo "1649"]
[PlyCount "98"]
[EventDate "2023.06.02"]
[EventType "swiss"]
[EventRounds "5"]
[EventCountry "ENG"]
[SourceTitle "BritBase"]
[Source "John Saunders"]
[SourceDate "2023.12.27"]
[SourceVersion "1"]
[SourceVersionDate "2023.12.27"]
[SourceQuality "1"]

1. d4 d5 2. c4 e6 3. Nf3 Nf6 4. Nc3 Be7 5. e3 O-O 6. Be2 a6 7. cxd5 exd5 8. O-O
Re8 9. Bd3 Bg4 10. Be2 Nc6 11. Bd2 Bd6 12. h3 Bh5 13. a3 h6 14. Bd3 Qd7 15. Bc2
Rab8 16. b4 Re7 17. Kh1 g5 18. Qb1 Bxf3 19. Bf5 Be4 20. Bxd7 Bxb1 21. Bxc6 Bd3
22. Bxd5 Bxf1 23. Rxf1 c6 24. Bf3 a5 25. b5 Bxa3 26. bxc6 bxc6 27. Bxc6 Bb4 28.
Rd1 Kg7 29. Kg1 Rc7 30. d5 Nxd5 31. Nxd5 Rxc6 32. Rb1 Bd6 33. Bc3+ Kf8 34. Rc1
Be5 35. Bb4+ Rxb4 36. Rd1 Rbc4 37. g3 Rc1 38. Rxc1 Rxc1+ 39. Kg2 a4 40. e4 a3
41. Nb4 Bc3 42. Nd5 a2 43. Ne3 a1=Q 44. Kf3 Bd4 45. Nd5 Qb2 46. Kg4 Qxf2 47. e5
Rg1 48. Kh5 Qxg3 49. Kxh6 Qh4# 0-1

[Event "London Chess League Open"]
[Site "London"]
[Date "2023.06.04"]
[Round "4.16"]
[White "Zhang, Junyi"]
[Black "Sedykh, Stakhey"]
[Result "0-1"]
[WhiteElo "1480"]
[BlackElo "1633"]
[PlyCount "50"]
[EventDate "2023.06.02"]
[EventType "swiss"]
[EventRounds "5"]
[EventCountry "ENG"]
[SourceTitle "BritBase"]
[Source "John Saunders"]
[SourceDate "2023.12.27"]
[SourceVersion "1"]
[SourceVersionDate "2023.12.27"]
[SourceQuality "1"]

1. e4 e5 2. Nf3 Nc6 3. Bc4 Bc5 4. c3 Nf6 5. d4 exd4 6. e5 d5 7. Bb5 Ne4 8. cxd4
Bb4+ 9. Bd2 Nxd2 10. Nbxd2 O-O 11. Bxc6 bxc6 12. Qc2 Bxd2+ 13. Qxd2 Bg4 14.
O-O-O f6 15. Rde1 Bxf3 16. gxf3 fxe5 17. Rxe5 Rxf3 18. Rhe1 Qh4 19. Re8+ Rxe8
20. Rxe8+ Kf7 21. Qe2 Qg5+ 22. Kc2 Qf5+ 23. Kc1 Rxf2 24. Qe7+ Kg6 25. Rg8 Qc2#
0-1

[Event "London Chess League Open"]
[Site "London"]
[Date "2023.06.04"]
[Round "4.17"]
[White "Veeturi, Yashvardhan"]
[Black "Berkley, Stephen W"]
[Result "1/2-1/2"]
[WhiteElo "1426"]
[BlackElo "1615"]
[PlyCount "85"]
[EventDate "2023.06.02"]
[EventType "swiss"]
[EventRounds "5"]
[EventCountry "ENG"]
[SourceTitle "BritBase"]
[Source "John Saunders"]
[SourceDate "2023.12.27"]
[SourceVersion "1"]
[SourceVersionDate "2023.12.27"]
[SourceQuality "1"]

1. e4 e6 2. d4 d5 3. e5 c5 4. c3 Nc6 5. Nf3 Bd7 6. a3 c4 7. Be2 f6 8. h3 b5 9.
O-O fxe5 10. dxe5 Nge7 11. Bf4 Ng6 12. Bg3 Be7 13. b4 a5 14. Nbd2 axb4 15. axb4
O-O 16. Rxa8 Qxa8 17. Qa1 d4 18. Nxd4 Nxd4 19. cxd4 Qxa1 20. Rxa1 Bxb4 21. Nf3
Bc6 22. Ng5 Bd5 23. Bg4 Re8 24. Ra6 Nf8 25. Bf4 Bc3 26. Be3 b4 27. Bh5 g6 28.
Bd1 b3 29. Ra7 Rb8 30. Nf7 Rb7 31. Rxb7 Bxb7 32. Nd6 Bd5 33. Kf1 Ba1 34. Ne8
Kf7 35. Nf6 Bc6 36. Ke2 Ba4 37. Kd2 c3+ 38. Kd3 Bb2 39. Bc1 Ba1 40. Be3 Bb5+
41. Ke4 b2 42. Bc2 Ba4 43. Kd3 1/2-1/2

[Event "London Chess League Open"]
[Site "London"]
[Date "2023.06.04"]
[Round "5.1"]
[White "Lalic, Peter D"]
[Black "Rida, Ruqayyah"]
[Result "1-0"]
[WhiteElo "2081"]
[BlackElo "1873"]
[PlyCount "105"]
[EventDate "2023.06.02"]
[EventType "swiss"]
[EventRounds "5"]
[EventCountry "ENG"]
[SourceTitle "BritBase"]
[Source "John Saunders"]
[SourceDate "2023.12.27"]
[SourceVersion "1"]
[SourceVersionDate "2023.12.27"]
[SourceQuality "1"]

1. Nc3 Nf6 2. d4 d5 3. Bf4 g6 4. Nb5 Na6 5. e3 c6 6. Nc3 Nc7 7. Bd3 Bg7 8. Be5
O-O 9. a4 Re8 10. f4 Ng4 11. Bxg7 Kxg7 12. Qd2 c5 13. Nf3 c4 14. Be2 Nf6 15.
Ne5 Nd7 16. O-O Nxe5 17. fxe5 Be6 18. b3 cxb3 19. cxb3 f6 20. Rf4 a6 21. Raf1
Rf8 22. Bd3 Bg8 23. R4f2 Qd7 24. exf6+ exf6 25. a5 Rae8 26. Na4 Qe7 27. Rf3 Ne6
28. Rg3 Kh8 29. b4 f5 30. Nc5 Nxc5 31. bxc5 Rf6 32. Rgf3 Re6 33. Re1 f4 34.
Rxf4 Rxe3 35. Qxe3 Qxe3+ 36. Rxe3 Rxe3 37. Rf3 Re1+ {(=)} 38. Rf1 Re3 39. Rd1
Re7 40. Kf2 Kg7 41. Rb1 Be6 42. Be2 Rc7 43. Rb6 Kf7 44. Bf3 Ke7 45. h4 h6 46.
Kg3 g5 47. hxg5 hxg5 48. Rd6 Rd7 49. Rxe6+ Kxe6 50. Bg4+ Ke7 51. Bxd7 Kxd7 52.
Kg4 Kc6 53. Kxg5 1-0

[Event "London Chess League Open"]
[Site "London"]
[Date "2023.06.04"]
[Round "5.2"]
[White "Anshuman, Ganguly"]
[Black "Sedykh, Mikhail"]
[Result "1/2-1/2"]
[WhiteElo "1721"]
[BlackElo "2088"]
[PlyCount "54"]
[EventDate "2023.06.02"]
[EventType "swiss"]
[EventRounds "5"]
[EventCountry "ENG"]
[SourceTitle "BritBase"]
[Source "John Saunders"]
[SourceDate "2023.12.27"]
[SourceVersion "1"]
[SourceVersionDate "2023.12.27"]
[SourceQuality "1"]

1. e4 e6 2. d4 d5 3. exd5 exd5 4. Nf3 Nf6 5. Bd3 Bd6 6. O-O O-O 7. Bg5 h6 8.
Bh4 Be6 9. Nbd2 Nbd7 10. c3 c6 11. Qc2 Re8 12. Rfe1 Qc7 13. Bf5 Bxf5 14. Qxf5
Rxe1+ 15. Rxe1 Re8 16. Rxe8+ {(=)} Nxe8 17. Bg3 Bxg3 18. hxg3 Qd6 19. Ne1 Qe7
20. Kf1 Nd6 21. Qf3 Kf8 22. Qe2 Ne4 23. Nxe4 dxe4 24. Nc2 Nf6 25. Ne3 Qd6 26.
Ng4 Qd5 27. Nxf6 gxf6 1/2-1/2

[Event "London Chess League Open"]
[Site "London"]
[Date "2023.06.04"]
[Round "5.3"]
[White "Faulks, Nick"]
[Black "Sowray, Peter J"]
[Result "0-1"]
[WhiteElo "1816"]
[BlackElo "2176"]
[PlyCount "62"]
[EventDate "2023.06.02"]
[EventType "swiss"]
[EventRounds "5"]
[EventCountry "ENG"]
[SourceTitle "BritBase"]
[Source "John Saunders"]
[SourceDate "2023.12.27"]
[SourceVersion "1"]
[SourceVersionDate "2023.12.27"]
[SourceQuality "1"]

1. c4 e6 2. Nc3 d5 3. e3 Nf6 4. Nf3 c5 5. cxd5 exd5 6. d4 Nc6 7. Be2 Bd6 8. O-O
O-O 9. b3 cxd4 10. Nxd4 Re8 11. Bb2 a6 12. Rc1 Bc7 13. Nxc6 bxc6 14. Bf3 Qd6
15. g3 Bh3 {(Black wrote 'Bg4' on his scoresheet!)} 16. Re1 Rad8 17. Ne2 Ne4
18. Qd4 f6 19. Nf4 c5 20. Qd1 Bf5 21. Ba3 Bb6 22. Qe2 g5 23. Nd3 d4 24. Bxe4
Bxe4 25. Nxc5 dxe3 26. fxe3 Ba8 27. Qc4+ Kg7 28. Na4 Qd2 29. Re2 Rxe3 30. Kf1
Rf3+ 31. Kg2 Rf2+ 0-1

[Event "London Chess League Open"]
[Site "London"]
[Date "2023.06.04"]
[Round "5.4"]
[White "Obi, Okwose Marc"]
[Black "Farrand, Tom"]
[Result "1/2-1/2"]
[WhiteElo "1733"]
[BlackElo "2143"]
[PlyCount "124"]
[EventDate "2023.06.02"]
[EventType "swiss"]
[EventRounds "5"]
[EventCountry "ENG"]
[SourceTitle "BritBase"]
[Source "John Saunders"]
[SourceDate "2023.12.27"]
[SourceVersion "1"]
[SourceVersionDate "2023.12.27"]
[SourceQuality "1"]

1. e4 c5 2. c4 Nc6 3. Nc3 g6 4. g3 Bg7 5. Bg2 e6 6. Nge2 Nge7 7. O-O O-O 8. d3
d6 9. Rb1 a6 10. a3 Nd4 11. b4 cxb4 12. Rxb4 Nec6 13. Rb1 Qa5 14. a4 Nxe2+ 15.
Nxe2 Nd4 16. Nxd4 Bxd4 17. Bd2 Qc7 18. Qb3 Rb8 19. Be3 Bxe3 20. fxe3 b6 21. Rb2
Bd7 22. Bf3 b5 23. cxb5 axb5 24. axb5 Rxb5 25. Qc2 Qb6 26. Rxb5 Qxe3+ 27. Qf2
Qxf2+ 28. Kxf2 Bxb5 29. Ke3 Rd8 30. Rb1 Be8 31. Rb7 Kg7 32. h3 Kf6 33. d4 h6
34. h4 Rc8 35. Be2 Rc3+ 36. Bd3 Rc1 37. Ke2 Rg1 38. Kf2 Rd1 39. Ke2 Rg1 40. Kf2
Rc1 41. Ke2 Ra1 42. Kf2 Ra8 43. Ke3 Rd8 44. Be2 Bc6 45. Rc7 Ba4 46. Ra7 Bc6 47.
Rc7 Bd7 48. Rb7 e5 49. d5 h5 50. Ra7 Bh3 51. Ra6 Kg7 52. Ra7 Bd7 53. Ra6 Bh3
54. Ra7 Rd7 55. Ra6 f5 56. Bd3 Kf6 57. Ra8 fxe4 58. Bxe4 Bf5 59. Bxf5 gxf5 60.
Re8 Rg7 61. Kf2 Rd7 62. Re6+ Kg7 1/2-1/2

[Event "London Chess League Open"]
[Site "London"]
[Date "2023.06.04"]
[Round "5.6"]
[White "Damodaran, Patrick"]
[Black "Rogers, Tim L"]
[Result "0-1"]
[WhiteElo "1748"]
[BlackElo "1913"]
[PlyCount "98"]
[EventDate "2023.06.02"]
[EventType "swiss"]
[EventRounds "5"]
[EventCountry "ENG"]
[SourceTitle "BritBase"]
[Source "John Saunders"]
[SourceDate "2023.12.27"]
[SourceVersion "1"]
[SourceVersionDate "2023.12.27"]
[SourceQuality "1"]

1. e4 d6 2. d4 Nf6 3. Nc3 e5 4. dxe5 dxe5 5. Qxd8+ Kxd8 6. Bg5 Be6 7. O-O-O+
Kc8 8. f3 Nbd7 9. Nd5 Nxd5 10. exd5 Bf5 11. g4 Bg6 12. Bd3 f6 13. Be3 Bc5 14.
Bxc5 Nxc5 15. Bxg6 hxg6 16. Ne2 a5 17. Nc3 Rh3 18. Ne4 Nxe4 19. fxe4 Kd7 20.
Rd3 Rah8 21. Rxh3 Rxh3 22. Kd2 Kd6 23. c3 Kc5 24. b3 g5 25. b4+ axb4 26. cxb4+
Kd4 27. Rc1 Rxh2+ 28. Ke1 Rh1+ 29. Kd2 Rxc1 30. Kxc1 Kxe4 31. d6 cxd6 32. a4
Kd5 33. Kb2 Kc4 34. Ka3 e4 35. b5 Kc5 36. a5 Kxb5 37. a6 bxa6 38. Kb3 d5 39.
Kc3 Kc5 40. Kd2 d4 41. Ke2 a5 42. Kd2 a4 43. Kc2 Kc4 44. Kb2 e3 45. Kc2 a3 46.
Kc1 d3 47. Kb1 Kb3 48. Ka1 e2 49. Kb1 e1=Q# 0-1

[Event "London Chess League Open"]
[Site "London"]
[Date "2023.06.04"]
[Round "5.7"]
[White "Vekaria, Vinay"]
[Black "Muirhead, Samuel"]
[Result "1-0"]
[WhiteElo "1877"]
[BlackElo "1621"]
[PlyCount "91"]
[EventDate "2023.06.02"]
[EventType "swiss"]
[EventRounds "5"]
[EventCountry "ENG"]
[SourceTitle "BritBase"]
[Source "John Saunders"]
[SourceDate "2023.12.27"]
[SourceVersion "1"]
[SourceVersionDate "2023.12.27"]
[SourceQuality "1"]

1. e4 e5 2. Nc3 Nc6 3. Bc4 Nf6 4. d3 Na5 5. Bb3 Nxb3 6. axb3 d5 7. exd5 Bb4 8.
Qe2 O-O 9. Bg5 Bxc3+ 10. bxc3 Qxd5 11. Nf3 e4 12. dxe4 Nxe4 13. Qe3 Bg4 14. Bf4
Rfe8 15. O-O Nf6 16. Ne5 Nh5 17. c4 Qe6 18. Rfe1 Nxf4 19. Qxf4 Bh5 20. Nd3 Qg6
21. c5 Qc6 22. b4 a6 23. Ne5 Qe6 24. Nd3 Qd7 25. Ne5 Qe6 26. Re3 Rad8 27. Rae1
Qd5 28. h3 f6 29. Nd3 Rxe3 30. Qxe3 Re8 31. Qc1 Qc4 32. Rxe8+ Bxe8 33. Qd2 Bc6
34. Nf4 Kf7 35. f3 Qa2 36. Qd8 Qa1+ 37. Kf2 Qe5 {(=)} 38. Qd2 Qf5 39. c4 Qe5
40. Nd5 Bxd5 41. Qxd5+ Qxd5 42. cxd5 Ke7 43. Ke3 b6 44. Kd4 Kd7 45. h4 a5 46.
bxa5 1-0

[Event "London Chess League Open"]
[Site "London"]
[Date "2023.06.04"]
[Round "5.8"]
[White "Llewellyn, Julian D"]
[Black "Ciesielski, Marceli"]
[Result "1/2-1/2"]
[WhiteElo "1737"]
[BlackElo "1769"]
[PlyCount "94"]
[EventDate "2023.06.02"]
[EventType "swiss"]
[EventRounds "5"]
[EventCountry "ENG"]
[SourceTitle "BritBase"]
[Source "John Saunders"]
[SourceDate "2023.12.27"]
[SourceVersion "1"]
[SourceVersionDate "2023.12.27"]
[SourceQuality "1"]

1. e4 c5 2. Nf3 d6 3. Bb5+ Nd7 4. Ba4 Ngf6 5. O-O e6 6. Re1 Be7 7. c3 O-O 8. d4
cxd4 9. cxd4 a6 10. Nc3 b5 11. Bb3 Bb7 12. a3 Rc8 13. Qe2 Nb6 14. Bg5 h6 15.
Bf4 Nc4 16. Bxc4 Rxc4 17. Nd2 Rc8 18. Rac1 Re8 19. h3 Bf8 20. Be3 Rc7 21. Qd3
Qa8 22. f3 Qd8 23. Nb3 Nh5 24. Ne2 Ree7 25. Qd2 Red7 26. Qa5 Be7 27. Rxc7 Rxc7
28. Rc1 Rxc1+ 29. Bxc1 Qxa5 30. Nxa5 Ba8 31. Kf2 Bd8 32. Nb3 Kf8 33. Bd2 Nf6
34. Ba5 Ke7 35. Bxd8+ Kxd8 36. Ke3 Nd7 37. Na5 Kc7 38. b4 Nb6 39. Kd3 d5 40. e5
f6 41. Nc3 Nc4 42. Nxc4 dxc4+ 43. Ke3 Kd7 44. g3 Bc6 45. f4 f5 46. h4 g6 47.
Nd1 Ke7 1/2-1/2

[Event "London Chess League Open"]
[Site "London"]
[Date "2023.06.04"]
[Round "5.9"]
[White "Soulier, Alfred"]
[Black "Lishoy Gengis Paratazham, Dildarav"]
[Result "1/2-1/2"]
[WhiteElo "1763"]
[BlackElo "1584"]
[PlyCount "77"]
[EventDate "2023.06.02"]
[EventType "swiss"]
[EventRounds "5"]
[EventCountry "ENG"]
[SourceTitle "BritBase"]
[Source "John Saunders"]
[SourceDate "2023.12.27"]
[SourceVersion "1"]
[SourceVersionDate "2023.12.27"]
[SourceQuality "1"]

1. e4 Nf6 2. e5 Nd5 3. c4 Nb6 4. d4 d6 5. f4 dxe5 6. fxe5 Nc6 7. Be3 Bf5 8. a3
e6 9. Nf3 Be7 10. Be2 O-O 11. O-O Qd7 12. b4 a6 13. Nc3 Rad8 14. Qd2 f6 15.
exf6 Bxf6 16. Rad1 Bg4 17. Ne4 h6 18. b5 axb5 19. cxb5 Ne7 20. Nxf6+ gxf6 21.
Bxh6 Ng6 22. Bxf8 Rxf8 23. Qh6 Qg7 24. Qxg7+ Kxg7 25. h3 Nf4 26. hxg4 Nxe2+ 27.
Kf2 Nc3 28. Rc1 Nxb5 29. Rc5 c6 30. Ra1 Ra8 31. Rcc1 Rxa3 32. Rxa3 Nxa3 33. Re1
Kf7 34. g5 Nd5 35. gxf6 Kxf6 36. Rd1 Nc4 37. Rb1 b5 38. Ne1 Kf5 39. Nc2 1/2-1/2

[Event "London Chess League Open"]
[Site "London"]
[Date "2023.06.04"]
[Round "5.10"]
[White "Liu, Jacob"]
[Black "Faulkner, Martin J"]
[Result "0-1"]
[WhiteElo "1433"]
[BlackElo "1774"]
[PlyCount "92"]
[EventDate "2023.06.02"]
[EventType "swiss"]
[EventRounds "5"]
[EventCountry "ENG"]
[SourceTitle "BritBase"]
[Source "John Saunders"]
[SourceDate "2023.12.27"]
[SourceVersion "1"]
[SourceVersionDate "2023.12.27"]
[SourceQuality "1"]

1. d4 Nf6 2. c4 e6 3. g3 d5 4. Nf3 dxc4 5. Bg2 a6 6. Ne5 c5 7. O-O Qxd4 8. Nc3
Qxd1 9. Rxd1 Nbd7 10. Nxc4 Ra7 11. Bf4 b5 12. Nd6+ Bxd6 13. Rxd6 O-O 14. Rad1
h6 15. Rc6 e5 16. Be3 Re8 17. Bxc5 Nxc5 18. Rxc5 Rae7 19. b4 e4 20. e3 Bb7 21.
Rd6 Ng4 22. Ne2 Ne5 23. a3 Nc4 24. Rd4 Nxa3 25. Nc1 Nc4 26. Nb3 Ne5 27. Na5 Ba8
28. Kf1 Nd3 29. Nc6 Rc7 30. Rc3 Nxb4 31. Rxb4 Rxc6 32. Ra3 Bb7 33. Ra1 f5 34.
g4 Rc5 35. gxf5 Rxf5 36. Bh3 Rc5 37. Bd7 Rf8 38. Ra2 Kh7 39. Be6 Kg6 40. Bd7
Rd8 41. Bg4 Kf6 42. Kg2 Rg5 43. Kh3 h5 44. Be2 Bc8+ 45. Kh4 Rg2 46. Rxe4 g5+
0-1